000 00740nas a2200265 4500
001 BR0205837
003 BR-BrBNA
005 20231205103417.0
007 ta
008 230509b bl.|||p| |||| 00| 00por d
040 _aBR-BrBNA
_bpor
_cBiblioteca Nacional de Agricultura
041 _a(Pt)
072 _aL20
100 1 _aLas-Casas, F.
245 1 _aEndemismo em aves do cerrado
650 _aAVE SELVAGEM
650 _aCERRADO
650 _aISOLAMENTO ANIMAL
650 _aECOLOGIA
650 _aBIODEGRADAÇÃO
650 _aPROTEÇÃO AMBIENTAL
773 0 _tUniversitas Biociências (Brazil)
_xISSN 1518-6334
_g(May 2001), v. 2(1) p. 47-57
_wBR0205837
909 _a202311
_bLúcia
_c55
_dLúcia Elande
942 _2AGRIS
_n0
_cANA
999 _c172713
_d172713